[Event "Titled Tuesday intern op 06th Feb Early"]
[Site "Chess.com INT"]
[Date "2024.02.06"]
[Round "1"]
[White "Perrine, Dalton"]
[Black "Tari, Aryan"]
[Result "0-1"]
[WhiteElo "2182"]
[BlackElo "2635"]
[PlyCount "46"]
[EventDate "2024.02.06"]
[EventType "swiss (blitz)"]
[EventRounds "11"]
[EventCountry "USA"]
[SourceTitle "CB07_2024"]
[SourceDate "2024.02.14"]
[SourceVersion "1"]
[SourceVersionDate "2024.02.14"]
[SourceQuality "1"]

1. e4 e5 2. Nf3 Nc6 3. d4 exd4 4. Nxd4 Bc5 5. Nb3 Bb6 6. Nc3 d6 7. Bf4 Nge7 8. Qd2 0-0 9. 0-0-0 a5 10. a4 Be6 11. Nd5 Ba7 12. Bc4 Ng6 13. Bg5 Qd7 14. f4 Bxd5 15. exd5 Nb4 16. Bb5 c6 17. dxc6 bxc6 18. Qxd6 Qxd6 19. Rxd6 cxb5 20. f5 bxa4 21. Nxa5 Bc5 22. Rdd1 Rxa5 23. fxg6 fxg6 0-1

[Event "North American op 33rd"]
[Site "Las Vegas"]
[Date "2023.12.27"]
[Round "3"]
[White "Vega, Isaac"]
[Black "Perrine, Dalton"]
[Result "0-1"]
[WhiteElo "1719"]
[BlackElo "2184"]
[PlyCount "76"]
[EventDate "2023.12.26"]
[EventType "swiss"]
[EventRounds "9"]
[EventCountry "USA"]
[SourceTitle "CB01_2024"]
[SourceDate "2024.01.03"]
[SourceVersion "1"]
[SourceVersionDate "2024.01.03"]
[SourceQuality "1"]

1. e4 c6 2. d4 d5 3. e5 c5 4. Nf3 cxd4 5. Nxd4 Nc6 6. Nxc6 bxc6 7. Bd3 e6 8. 0-0 a5 9. Qe2 Ne7 10. Nd2 Ng6 11. Nf3 Be7 12. g3 Qb6 13. c4 Ba6 14. b3 Nf8 15. Be3 Qb7 16. Bd2 Nd7 17. Rab1 Nc5 18. Bxa5 Nxd3 19. Qxd3 0-0 20. Bd2 c5 21. Rfd1 Qc6 22. Ne1 dxc4 23. Qf3 Qxf3 24. Nxf3 cxb3 25. Rxb3 Rfd8 26. Re1 Bc4 27. Rb2 Rxa2 28. Rxa2 Bxa2 29. Bf4 c4 30. h4 c3 31. Ra1 Bd5 32. Ne1 Rc8 33. Nc2 Be4 34. Ra2 Rb8 35. Bc1 Rb1 36. f3 Rxc1+ 37. Kf2 Rxc2+ 38. Rxc2 Bxc2 0-1

[Event "Speed Chess Q2 Sw"]
[Site "Chess.com INT"]
[Date "2023.08.23"]
[Round "1"]
[White "Perrine, Dalton"]
[Black "Zakhartsov, Vladimir"]
[Result "0-1"]
[WhiteElo "2184"]
[BlackElo "2525"]
[PlyCount "56"]
[EventDate "2023.08.23"]
[EventType "swiss (blitz)"]
[EventRounds "14"]
[EventCountry "USA"]
[SourceTitle "CBM 215 Extra"]
[Source "ChessBase"]
[SourceDate "2023.09.30"]
[SourceVersion "1"]
[SourceVersionDate "2023.09.30"]
[SourceQuality "1"]

1. Nf3 c5 2. e4 d6 3. Bb5+ Nd7 4. Ba4 Ngf6 5. 0-0 a6 6. c4 e5 7. Nc3 Be7 8. d3 0-0 9. h3 Rb8 10. a3 b6 11. b4 Nh5 12. Bxd7 Qxd7 13. Nd5 Nf6 14. Ne3 g6 15. Nd2 Nh5 16. Nd5 Bd8 17. Nb1 Ng7 18. Nbc3 f5 19. Bh6 f4 20. Bxg7 Qxg7 21. f3 Bh4 22. Qe2 Bd7 23. Rfb1 h5 24. Rb2 g5 25. Rab1 g4 26. hxg4 hxg4 27. bxc5 Bg3 28. fxg4 Bxg4 0-1

[Event "Titled Tuesday intern op 08th Aug Early"]
[Site "Chess.com INT"]
[Date "2023.08.08"]
[Round "4"]
[White "Godzwon, Iwo"]
[Black "Perrine, Dalton"]
[Result "1-0"]
[WhiteElo "2402"]
[BlackElo "2184"]
[PlyCount "85"]
[EventDate "2023.08.08"]
[EventType "swiss (blitz)"]
[EventRounds "11"]
[EventCountry "USA"]
[SourceTitle "EXT 2024"]
[Source "ChessBase"]
[SourceDate "2023.10.10"]
[SourceVersion "1"]
[SourceVersionDate "2023.10.10"]
[SourceQuality "1"]

1. e4 c5 2. Nf3 e6 3. g3 Nc6 4. Bg2 Nf6 5. Qe2 e5 6. 0-0 Be7 7. c3 0-0 8. Rd1 d5 9. exd5 Qxd5 10. Nd4 Nxd4 11. cxd4 Qxd4 12. Nc3 Bg4 13. Bf3 Bxf3 14. Qxf3 e4 15. Qe3 Qxe3 16. fxe3 c4 17. b3 cxb3 18. axb3 Rfd8 19. Ra4 Bc5 20. Kf1 Re8 21. Ke2 a6 22. Rc4 Rac8 23. Ra4 Re6 24. Bb2 Rce8 25. Rf1 Rb6 26. Rc4 Rxb3 27. Na4 Be7 28. Bxf6 Bxf6 29. Nc5 Rc8 30. Rxe4 Rb5 31. Nd7 Bb2 32. Re7 f6 33. Rf4 a5 34. Rg4 f5 35. Ra4 Rd8 36. d4 Bc3 37. Nc5 Bb4 38. Rxb7 Rxb7 39. Nxb7 Rb8 40. Nxa5 Bxa5 41. Rxa5 Rb2+ 42. Kf3 Rxh2 43. Rxf5 1-0

[Event "World op 51st"]
[Site "Philadelphia"]
[Date "2023.06.30"]
[Round "1"]
[White "Gaw, Chloe"]
[Black "Perrine, Dalton"]
[Result "0-1"]
[WhiteElo "1873"]
[BlackElo "2228"]
[PlyCount "78"]
[EventDate "2023.06.30"]
[EventType "swiss"]
[EventRounds "9"]
[EventCountry "USA"]
[SourceTitle "CBM 215 Extra"]
[Source "ChessBase"]
[SourceDate "2023.09.30"]
[SourceVersion "1"]
[SourceVersionDate "2023.09.30"]
[SourceQuality "1"]

1. d4 Nf6 2. c4 e6 3. Nc3 d5 4. cxd5 exd5 5. Bg5 c6 6. e3 h6 7. Bh4 Be7 8. Bd3 0-0 9. Qc2 Re8 10. Nge2 Nbd7 11. f3 b5 12. 0-0 a5 13. Bf2 Ba6 14. Kh1 Qb6 15. e4 b4 16. Nb1 Bxd3 17. Qxd3 dxe4 18. fxe4 c5 19. Nd2 cxd4 20. Bxd4 Bc5 21. e5 Bxd4 22. exf6 Bxf6 23. Nc4 Qc5 24. Qxd7 Qxc4 25. Nf4 Rad8 26. Qa7 Bxb2 27. Rab1 Be5 28. Nh3 Qxa2 29. Rbe1 Qd5 30. Nf2 Bd4 31. Rxe8+ Rxe8 32. Qa6 Bxf2 33. Rxf2 Re1+ 34. Rf1 Rxf1+ 35. Qxf1 b3 36. Qc1 b2 37. Qc8+ Kh7 38. Qc2+ g6 39. h3 Qa2 0-1

[Event "Philadelphia op 16th"]
[Site "Philadelphia"]
[Date "2023.06.27"]
[Round "8"]
[White "Rogers, Norman"]
[Black "Perrine, Dalton"]
[Result "0-1"]
[WhiteElo "2056"]
[BlackElo "2228"]
[PlyCount "72"]
[EventDate "2023.06.24"]
[EventType "swiss"]
[EventRounds "9"]
[EventCountry "USA"]
[SourceTitle "CBM 215 Extra"]
[Source "ChessBase"]
[SourceDate "2023.09.30"]
[SourceVersion "1"]
[SourceVersionDate "2023.09.30"]
[SourceQuality "1"]

1. e4 c5 2. Nf3 e6 3. d4 cxd4 4. Nxd4 Nf6 5. Nc3 Nc6 6. Ndb5 Bc5 7. Bf4 0-0 8. Bc7 Qe7 9. Bd6 Bxd6 10. Qxd6 Qd8 11. Nc7 Rb8 12. 0-0-0 a6 13. f3 b5 14. e5 b4 15. Nb1 Ne8 16. Nxe8 Rxe8 17. f4 Bb7 18. Nd2 Ne7 19. Bd3 Nd5 20. Be4 Qa5 21. Kb1 Rec8 22. Bxd5 Bxd5 23. Nb3 Qb5 24. Nd4 Qb7 25. f5 Be4 26. f6 b3 27. axb3 Bxc2+ 28. Ka1 Bxd1 29. Rxd1 Qc7 30. Nf3 Rxb3 31. Qxd7 Qa5+ 32. Kb1 Rxb2+ 33. Kxb2 Qb4+ 34. Ka1 Qa3+ 35. Kb1 Rb8+ 36. Kc2 Rb2+ 0-1

[Event "Philadelphia op 16th"]
[Site "Philadelphia"]
[Date "2023.06.26"]
[Round "5"]
[White "Perrine, Dalton"]
[Black "Matviishen, Viktor"]
[Result "0-1"]
[WhiteElo "2228"]
[BlackElo "2538"]
[PlyCount "52"]
[EventDate "2023.06.24"]
[EventType "swiss"]
[EventRounds "9"]
[EventCountry "USA"]
[SourceTitle "CBM 215 Extra"]
[Source "ChessBase"]
[SourceDate "2023.09.30"]
[SourceVersion "1"]
[SourceVersionDate "2023.09.30"]
[SourceQuality "1"]

1. Nf3 Nf6 2. g3 b6 3. Bg2 Bb7 4. 0-0 g6 5. d3 d5 6. Nbd2 Bg7 7. e4 dxe4 8. dxe4 Nfd7 9. Re1 e5 10. Nc4 0-0 11. Bg5 f6 12. Be3 Qe7 13. c3 a5 14. b4 Kh8 15. bxa5 b5 16. Qb3 Bc6 17. Nb2 Na6 18. Nd2 Rfd8 19. Nd3 Ndc5 20. Nxc5 Nxc5 21. Qc2 Nb7 22. Bf1 Rxa5 23. c4 b4 24. Nb3 Ra4 25. c5 Rda8 26. Bc4 Bd7 0-1

[Event "Titled Tuesday intern op 04th Apr Early"]
[Site "Chess.com INT"]
[Date "2023.04.04"]
[Round "2"]
[White "Perrine, Dalton"]
[Black "Juknis, Paulius"]
[Result "0-1"]
[WhiteElo "2228"]
[BlackElo "2118"]
[PlyCount "88"]
[EventDate "2023.04.04"]
[EventType "swiss (blitz)"]
[EventRounds "11"]
[EventCountry "USA"]
[SourceTitle "EXT 2024"]
[Source "ChessBase"]
[SourceDate "2023.10.10"]
[SourceVersion "1"]
[SourceVersionDate "2023.10.10"]
[SourceQuality "1"]

1. Nf3 f5 2. d3 Nc6 3. d4 e6 4. g3 Nf6 5. Bg2 Be7 6. c4 d5 7. 0-0 Ne4 8. b3 h5 9. Bb2 h4 10. Nc3 hxg3 11. hxg3 Bf6 12. e3 b6 13. Ne2 g5 14. Ne5 Bxe5 15. dxe5 dxc4 16. Qxd8+ Nxd8 17. Nc3 cxb3 18. Nxe4 fxe4 19. Bxe4 Bb7 20. Bxb7 Nxb7 21. axb3 Na5 22. b4 Nc4 23. Bc3 Kd7 24. b5 c6 25. Rfd1+ Kc7 26. bxc6 Kxc6 27. Kg2 a5 28. Kf3 b5 29. Rac1 Rhc8 30. Ke2 Kb6 31. Bd4+ Ka6 32. Rh1 Rc7 33. Rh6 Rc6 34. Rg6 Rac8 35. Rxg5 b4 36. Rg7 Nb6 37. Rxc6 Rxc6 38. Rh7 a4 39. Rh1 a3 40. Kd3 Kb5 41. Rb1 Ka4 42. Bxb6 Rxb6 43. Kc4 Rc6+ 44. Kd3 b3 0-1

[Event "Saint Louis 1000 IM 01"]
[Site "Saint Louis"]
[Date "2023.01.29"]
[Round "9.3"]
[White "Yanayt, Eugene"]
[Black "Perrine, Dalton"]
[Result "0-1"]
[WhiteElo "1958"]
[BlackElo "2200"]
[PlyCount "34"]
[EventDate "2023.01.25"]
[EventType "schev"]
[EventRounds "9"]
[EventCountry "USA"]
[SourceTitle "CBM 212 Extra"]
[Source "ChessBase"]
[SourceDate "2023.03.31"]
[SourceVersion "1"]
[SourceVersionDate "2023.03.31"]
[SourceQuality "1"]
[WhiteTeam "Team C"]
[BlackTeam "Team B"]
[WhiteTeamCountry "USA"]
[BlackTeamCountry "USA"]

1. d4 Nf6 2. c4 e6 3. Nc3 d5 4. cxd5 exd5 5. Bg5 c6 6. e3 h6 7. Bh4 Be7 8. Qc2 0-0 9. Bd3 Re8 10. Nge2 Nbd7 11. 0-0 a5 12. Rae1 b5 13. Nd1 Qb6 14. Kh1 Ba6 15. b3 Bb4 16. Nec3 c5 17. dxc5 Qxc5 0-1

[Event "Saint Louis 1000 IM 01"]
[Site "Saint Louis"]
[Date "2023.01.28"]
[Round "6.3"]
[White "Perrine, Dalton"]
[Black "Eckert, Doug D"]
[Result "1-0"]
[WhiteElo "2200"]
[BlackElo "2133"]
[PlyCount "121"]
[EventDate "2023.01.25"]
[EventType "schev"]
[EventRounds "9"]
[EventCountry "USA"]
[SourceTitle "CBM 212 Extra"]
[Source "ChessBase"]
[SourceDate "2023.03.31"]
[SourceVersion "1"]
[SourceVersionDate "2023.03.31"]
[SourceQuality "1"]
[WhiteTeam "Team B"]
[BlackTeam "Team A"]
[WhiteTeamCountry "USA"]
[BlackTeamCountry "USA"]

1. e4 c5 2. Nf3 d6 3. Bb5+ Bd7 4. Bxd7+ Nxd7 5. 0-0 Ngf6 6. Qe2 e6 7. b3 Be7 8. Bb2 0-0 9. c4 a6 10. Nc3 Re8 11. d3 e5 12. Ne1 Nf8 13. Nc2 Ne6 14. Ne3 Nd4 15. Qd1 Bf8 16. Ncd5 Nxd5 17. Nxd5 Ne6 18. Qg4 Nc7 19. Nb6 Rb8 20. f4 exf4 21. Nd7 h5 22. Qh3 Ra8 23. Nxf8 Kxf8 24. Rxf4 Ne6 25. Rf2 Qg5 26. Raf1 Re7 27. Rf5 Qg4 28. Qxh5 Qxh5 29. Rxh5 Ree8 30. Rh8+ Ke7 31. Rxe8+ Rxe8 32. h4 Rh8 33. g3 b5 34. Kf2 f6 35. Kf3 Nd8 36. Ke3 Nc6 37. Bc3 Ke6 38. Rf5 Ne5 39. Bxe5 dxe5 40. Rf2 b4 41. a3 Rb8 42. axb4 Rxb4 43. Ra2 Rb6 44. Ra5 Kd6 45. Kd2 Rc6 46. Kc3 Rb6 47. h5 Kc6 48. g4 Kd6 49. Ra2 Kc6 50. g5 fxg5 51. Rg2 Rb7 52. Rxg5 Re7 53. Rg6+ Kb7 54. b4 cxb4+ 55. Kxb4 Rd7 56. Kc3 Re7 57. c5 Ka7 58. Kc4 Kb7 59. Rb6+ Ka7 60. Kd5 Re8 61. Re6 1-0

[Event "Saint Louis 1000 IM 01"]
[Site "Saint Louis"]
[Date "2023.01.26"]
[Round "3.1"]
[White "Lee, Alice"]
[Black "Perrine, Dalton"]
[Result "1-0"]
[WhiteElo "2300"]
[BlackElo "2200"]
[PlyCount "24"]
[EventDate "2023.01.25"]
[EventType "schev"]
[EventRounds "9"]
[EventCountry "USA"]
[SourceTitle "CBM 212 Extra"]
[Source "ChessBase"]
[SourceDate "2023.03.31"]
[SourceVersion "1"]
[SourceVersionDate "2023.03.31"]
[SourceQuality "1"]
[WhiteTeam "Team C"]
[BlackTeam "Team B"]
[WhiteTeamCountry "USA"]
[BlackTeamCountry "USA"]

1. d4 Nf6 2. c4 e6 3. Nf3 d5 4. Nc3 a6 5. c5 b6 6. cxb6 c5 7. Bf4 Bd6 8. Bxd6 Qxd6 9. Qb3 cxd4 10. Nxd4 Bb7 11. Qa3 Qxb6 12. e3 Nc6 1-0

[Event "Saint Louis 1000 IM 01"]
[Site "Saint Louis"]
[Date "2023.01.26"]
[Round "2.1"]
[White "Perrine, Dalton"]
[Black "Petenyi, Tamas"]
[Result "1-0"]
[WhiteElo "2200"]
[BlackElo "2358"]
[PlyCount "87"]
[EventDate "2023.01.25"]
[EventType "schev"]
[EventRounds "9"]
[EventCountry "USA"]
[SourceTitle "CBM 212 Extra"]
[Source "ChessBase"]
[SourceDate "2023.03.31"]
[SourceVersion "1"]
[SourceVersionDate "2023.03.31"]
[SourceQuality "1"]
[WhiteTeam "Team B"]
[BlackTeam "Team D"]
[WhiteTeamCountry "USA"]
[BlackTeamCountry "USA"]

1. e4 e5 2. Nf3 Nc6 3. Bb5 Bc5 4. c3 Nf6 5. d4 exd4 6. e5 Nd5 7. 0-0 0-0 8. cxd4 Bb6 9. Bc4 Nce7 10. Qb3 c6 11. Bg5 Qe8 12. Nc3 Nxc3 13. bxc3 Nf5 14. Rfe1 h6 15. Bc1 Bd8 16. Qc2 Ne7 17. Qe4 Kh8 18. Ba3 Rg8 19. Bd6 Ng6 20. Qf5 Ne7 21. Qxf7 Nd5 22. Bxd5 cxd5 23. Qxd5 a5 24. Qe4 Ra6 25. c4 a4 26. Re3 b5 27. cxb5 Rb6 28. Qd3 Bb7 29. d5 Qf7 30. Rd1 Re8 31. e6 Qh5 32. Bc5 d6 33. Bxb6 Bxb6 34. Re4 g5 35. Qc3+ Kg8 36. Qf6 Rf8 37. Qe7 g4 38. Qxd6 gxf3 39. e7 Re8 40. Qxb6 Bxd5 41. Rxd5 Qxd5 42. Qg6+ Kh8 43. Qxe8+ Kh7 44. Qh8+ 1-0

[Event "Saint Louis 1000 IM 01"]
[Site "Saint Louis"]
[Date "2023.01.25"]
[Round "1.1"]
[White "Baasansuren, Erdene"]
[Black "Perrine, Dalton"]
[Result "1/2-1/2"]
[WhiteElo "2247"]
[BlackElo "2200"]
[PlyCount "67"]
[EventDate "2023.01.25"]
[EventType "schev"]
[EventRounds "9"]
[EventCountry "USA"]
[SourceTitle "CBM 212 Extra"]
[Source "ChessBase"]
[SourceDate "2023.03.31"]
[SourceVersion "1"]
[SourceVersionDate "2023.03.31"]
[SourceQuality "1"]
[WhiteTeam "Team A"]
[BlackTeam "Team B"]
[WhiteTeamCountry "USA"]
[BlackTeamCountry "USA"]

1. d4 Nf6 2. c4 e6 3. g3 d5 4. Nf3 dxc4 5. Bg2 c5 6. 0-0 Nc6 7. dxc5 Qxd1 8. Rxd1 Bxc5 9. Nbd2 c3 10. bxc3 0-0 11. Nb3 Be7 12. c4 Bd7 13. Bb2 Rfc8 14. c5 Be8 15. Nfd2 b6 16. cxb6 axb6 17. Nc4 Rab8 18. Nd6 Bxd6 19. Rxd6 Na5 20. Nxa5 bxa5 21. Be5 Rb4 22. Rad1 h6 23. Bf3 Rb5 24. Bd4 Nd5 25. Kf1 Kf8 26. Ra6 Nb4 27. Ra7 Nxa2 28. Ra1 Nc1 29. Be3 Nb3 30. Rd1 Rb4 31. Bf4 Rd4 32. Rxd4 Nxd4 33. Rxa5 Nxf3 34. exf3 1/2-1/2

[Event "Titled Tuesday intern op 17th Jan Early"]
[Site "Chess.com INT"]
[Date "2023.01.17"]
[Round "1"]
[White "Perrine, Dalton"]
[Black "Clawitter, Craig"]
[Result "1-0"]
[WhiteElo "2200"]
[BlackElo "2050"]
[PlyCount "49"]
[EventDate "2023.01.17"]
[EventType "swiss (blitz)"]
[EventRounds "11"]
[EventCountry "USA"]
[SourceTitle "CBM 212 Extra"]
[Source "ChessBase"]
[SourceDate "2023.03.31"]
[SourceVersion "1"]
[SourceVersionDate "2023.03.31"]
[SourceQuality "1"]

1. Nf3 Nf6 2. g3 d5 3. Bg2 e6 4. 0-0 Be7 5. d4 0-0 6. c4 dxc4 7. Qc2 a6 8. a4 Bd7 9. Rd1 Bc6 10. Nc3 Nbd7 11. e4 b5 12. d5 exd5 13. e5 Ne8 14. Nd4 Bb7 15. Nxd5 Nc5 16. Nf5 Bg5 17. Nf6+ Bxf6 18. Rxd8 Bxd8 19. Bxb7 Nxb7 20. axb5 g6 21. Nh6+ Kg7 22. bxa6 Nc5 23. Qxc4 Be7 24. Be3 Ne6 25. Qc6 1-0

[Event "Naperville Tate Memorial"]
[Site "Naperville"]
[Date "2022.11.18"]
[Round "?"]
[White "Menon, Gopal S"]
[Black "Perrine, Dalton"]
[Result "1/2-1/2"]
[WhiteElo "2227"]
[BlackElo "2262"]
[PlyCount "27"]
[EventDate "2022.11.16"]
[EventType "tourn"]
[EventRounds "9"]
[EventCountry "USA"]
[EventCategory "1"]
[SourceTitle "EXT 2024"]
[Source "ChessBase"]
[SourceDate "2023.10.10"]
[SourceVersion "1"]
[SourceVersionDate "2023.10.10"]
[SourceQuality "1"]

1. e4 c5 2. a3 g6 3. Nc3 Bg7 4. Bc4 Nc6 5. d3 e6 6. Ba2 Nge7 7. h4 h5 8. Nh3 Rb8 9. Ng5 b5 10. 0-0 a5 11. a4 bxa4 12. Nxa4 d6 13. Nc3 Nb4 14. Bb3 1/2-1/2

[Event "Titled Tuesday intern op 11th Oct Early"]
[Site "Chess.com INT"]
[Date "2022.10.11"]
[Round "1"]
[White "Perrine, Dalton"]
[Black "Makhnev, Denis"]
[Result "0-1"]
[WhiteElo "2253"]
[BlackElo "2481"]
[PlyCount "70"]
[EventDate "2022.10.11"]
[EventType "swiss (blitz)"]
[EventRounds "11"]
[EventCountry "USA"]
[SourceTitle "EXT 2024"]
[Source "ChessBase"]
[SourceDate "2023.10.10"]
[SourceVersion "1"]
[SourceVersionDate "2023.10.10"]
[SourceQuality "1"]

1. Nf3 d5 2. g3 b6 3. Bg2 Bb7 4. 0-0 e6 5. d4 Nd7 6. c4 dxc4 7. Qa4 Bd6 8. Nbd2 Ngf6 9. Nxc4 0-0 10. Nxd6 cxd6 11. Bf4 Qe7 12. Qa3 Ne8 13. Ne5 Bxg2 14. Kxg2 Nxe5 15. dxe5 Qb7+ 16. Qf3 d5 17. Rfc1 Nc7 18. Rc2 Rfc8 19. Rac1 Na6 20. a3 Rxc2 21. Rxc2 Rc8 22. Rc3 Rxc3 23. Qxc3 Nc5 24. f3 h6 25. Be3 Qa6 26. Kf2 Qb5 27. b4 Nd7 28. Qc8+ Nf8 29. Bd4 Qa4 30. Qc3 Qd7 31. Qd3 Ng6 32. Qa6 Ne7 33. a4 Nc6 34. Qb5 Qc7 35. Bb2 Kf8 0-1

[Event "Titled Tuesday intern op 20th Sep Late"]
[Site "Chess.com INT"]
[Date "2022.09.20"]
[Round "3"]
[White "Perrine, Dalton"]
[Black "Weisz, Bryan"]
[Result "1-0"]
[WhiteElo "2268"]
[BlackElo "1962"]
[PlyCount "67"]
[EventDate "2022.09.20"]
[EventType "swiss (blitz)"]
[EventRounds "11"]
[EventCountry "USA"]
[SourceTitle "EXT 2023"]
[Source "ChessBase"]
[SourceDate "2022.10.05"]
[SourceVersion "1"]
[SourceVersionDate "2022.10.05"]
[SourceQuality "1"]

1. Nf3 g6 2. e4 Bg7 3. d4 c5 4. dxc5 Qa5+ 5. c3 Qxc5 6. Na3 Nf6 7. e5 Ng4 8. Qd4 Qxd4 9. cxd4 Nc6 10. h3 Nh6 11. d5 Nb4 12. Bc4 b5 13. Bxb5 Nxd5 14. 0-0 Ng8 15. Rd1 e6 16. Nc4 Bf8 17. Ng5 Bc5 18. Ne4 Bb6 19. Ncd6+ Kf8 20. Ng5 Nh6 21. Nxe6+ fxe6 22. Bxh6+ Ke7 23. Bg5+ Kf8 24. Nxc8 Rxc8 25. Bxd7 Rc2 26. Bxe6 Rxf2 27. Kh1 Nb4 28. Bf6 Rg8 29. Bxg8 Kxg8 30. Rd7 Nc6 31. Rc1 Rxb2 32. Rxc6 Rb1+ 33. Kh2 Bg1+ 34. Kg3 1-0

[Event "Chicago op 31st"]
[Site "Chicago"]
[Date "2022.05.27"]
[Round "3"]
[White "Perrine, Dalton"]
[Black "Harutyunian, Tigran K"]
[Result "1/2-1/2"]
[WhiteElo "2280"]
[BlackElo "2550"]
[PlyCount "48"]
[EventDate "2022.05.26"]
[EventType "swiss"]
[EventRounds "9"]
[EventCountry "USA"]
[SourceTitle "CBM 208 Extra"]
[Source "ChessBase"]
[SourceDate "2022.07.31"]
[SourceVersion "1"]
[SourceVersionDate "2022.07.31"]
[SourceQuality "1"]

1. d4 Nf6 2. c4 e6 3. g3 d5 4. Bg2 Bb4+ 5. Nd2 0-0 6. Ngf3 b6 7. 0-0 Bb7 8. a3 Bxd2 9. Nxd2 c5 10. dxc5 bxc5 11. cxd5 Bxd5 12. e4 Bb7 13. Qc2 Nfd7 14. Rd1 Qc7 15. Nc4 Nc6 16. Nd6 Rab8 17. Be3 Ba8 18. Rd2 Nce5 19. h3 Qa5 20. Rad1 Bc6 21. Rc1 Ba4 22. Qc3 Qa6 23. b4 c4 24. f4 Nd3 1/2-1/2

[Event "Titled Tuesday intern op 19th Apr Late"]
[Site "Chess.com INT"]
[Date "2022.04.19"]
[Round "11"]
[White "Perrine, Dalton"]
[Black "Sarkar, Justin"]
[Result "0-1"]
[WhiteElo "2280"]
[BlackElo "2314"]
[PlyCount "100"]
[EventDate "2022.04.19"]
[EventType "swiss (blitz)"]
[EventRounds "11"]
[EventCountry "USA"]
[SourceTitle "EXT 2023"]
[Source "ChessBase"]
[SourceDate "2022.10.05"]
[SourceVersion "1"]
[SourceVersionDate "2022.10.05"]
[SourceQuality "1"]

1. Nf3 e6 2. g3 f5 3. Bg2 Nf6 4. 0-0 Be7 5. d3 0-0 6. c4 d6 7. Nc3 Qe8 8. d4 Ne4 9. Nxe4 fxe4 10. Ne1 d5 11. cxd5 exd5 12. Qb3 Qf7 13. f3 exf3 14. Rxf3 Bf6 15. Bg5 c6 16. Bxf6 gxf6 17. Nc2 Nd7 18. Raf1 Nb6 19. Rxf6 Qxf6 20. Rxf6 Rxf6 21. e4 Be6 22. exd5 Bxd5 23. Bxd5+ cxd5 24. Ne3 Rd8 25. Ng4 Rg6 26. Ne5 Rg7 27. a4 Nc8 28. a5 b6 29. a6 Ne7 30. Kg2 Nf5 31. Qd3 Rf8 32. b4 Nh4+ 33. Kg1 Nf5 34. b5 Re7 35. Kg2 Nd6 36. Nc6 Ref7 37. Qc3 Ne4 38. Kh3 Nxc3 39. Ne5 Nxb5 40. Nc6 Nxd4 41. Nxd4 Rd7 42. Nc6 Rc8 43. Ne5 Rcc7 44. Nd3 d4 45. Kg4 Rc3 46. Nf4 Rg7+ 47. Kf5 d3 48. Nd5 Rc5 49. Ke4 Rxd5 50. Ke3 d2 0-1

[Event "Titled Tuesday intern op 01st Feb-A"]
[Site "Chess.com INT"]
[Date "2022.02.01"]
[Round "3"]
[White "Danilenko, Dmitriy"]
[Black "Perrine, Dalton"]
[Result "1-0"]
[WhiteElo "2401"]
[BlackElo "2278"]
[PlyCount "95"]
[EventDate "2022.02.01"]
[EventType "swiss (blitz)"]
[EventRounds "11"]
[EventCountry "USA"]
[SourceTitle "CBM 206 Extra"]
[Source "ChessBase"]
[SourceDate "2022.03.31"]
[SourceVersion "1"]
[SourceVersionDate "2022.03.31"]
[SourceQuality "1"]

1. e4 c6 2. c4 d5 3. cxd5 cxd5 4. exd5 Nf6 5. Qa4+ Nbd7 6. Nc3 g6 7. Bc4 Bg7 8. Nf3 0-0 9. Qb3 a6 10. a4 Nb6 11. d3 e6 12. dxe6 Bxe6 13. Bxe6 Re8 14. 0-0 Rxe6 15. Be3 Ng4 16. Ng5 Qc7 17. g3 Rc6 18. a5 Nc8 19. Bf4 Qd7 20. Rfe1 h6 21. Nge4 Ne7 22. h3 Ne5 23. Kg2 Nf5 24. Rad1 Nd4 25. Qd5 Qxd5 26. Nxd5 Nef3 27. Ne7+ Kh7 28. Nxc6 Nxe1+ 29. Rxe1 Nxc6 30. Nd6 Rd8 31. Nxb7 Rxd3 32. Nc5 Rd5 33. Nxa6 Rxa5 34. Nc7 Bxb2 35. Rb1 Be5 36. Bxe5 Rxe5 37. Nb5 Re7 38. Nd6 Ne5 39. h4 Kg7 40. Ne4 Nd7 41. Nd2 Nf6 42. Nf3 Ng4 43. h5 g5 44. Nd4 Re5 45. Rb4 Nf6 46. g4 Nxg4 47. Nf3 f5 48. Rxg4 1-0